Culloden improves its curriculum (Record no. 22150)

MARC details
000 -LEADER
fixed length control field 00970cam a22002531 4500
001 - CONTROL NUMBER
control field e 51000025
003 - CONTROL NUMBER IDENTIFIER
control field DLC
005 - DATE AND TIME OF LATEST TRANSACTION
control field 20260227111234.0
008 - FIXED-LENGTH DATA ELEMENTS--GENERAL INFORMATION
fixed length control field 880706s1951 dcua 000 0 eng
010 ## - LIBRARY OF CONGRESS CONTROL NUMBER
LC control number e 51000025
035 ## - SYSTEM CONTROL NUMBER
System control number (OCoLC)18178026
040 ## - CATALOGING SOURCE
Original cataloging agency DLC
Transcribing agency AU
Modifying agency OrPS
-- DLC
042 ## - AUTHENTICATION CODE
Authentication code premarc
043 ## - GEOGRAPHIC AREA CODE
Geographic area code n-us-wv
050 00 - LIBRARY OF CONGRESS CALL NUMBER
Classification number L111
Item number .A6 1951, no. 2
051 ## - LIBRARY OF CONGRESS COPY, ISSUE, OFFPRINT STATEMENT
Classification number LA387.C8
Item number R5
100 1# - MAIN ENTRY--PERSONAL NAME
Personal name Richmond, Lucille McGraw.
245 10 - TITLE STATEMENT
Title Culloden improves its curriculum
Statement of responsibility, etc. [by Lucille McGraw Richmond [and] Effie G. Bathurst.
260 ## - PUBLICATION, DISTRIBUTION, ETC.
Place of publication, distribution, etc. [Washington]
Name of publisher, distributor, etc. Federal Security Agency, Office of Education
Date of publication, distribution, etc. [1951]
300 ## - PHYSICAL DESCRIPTION
Extent iv, 24 p.
Other physical details illus.
Dimensions 23 cm.
501 ## - WITH NOTE
With note Copies 1 and 2 of L111.A6 with: Frustration in adolescent youth / David Segel. Washington : Govt. Print. Off., 1951. Bound together subsequent to publication.
Institution to which field applies DLC
650 #0 - SUBJECT ADDED ENTRY--TOPICAL TERM
Topical term or geographic name entry element Public schools
Geographic subdivision West Virginia
-- Culloden.
700 1# - ADDED ENTRY--PERSONAL NAME
Personal name Bathurst, Effie G.
Fuller form of name (Effie Geneva),
Dates associated with a name 1886-
Relator term joint author.

No items available.

Powered by Koha